000 00703nam a22002177a 4500
005 20251108170909.0
008 250721s1989 xx 000 0 ara d
082 1 4 _aط/112.8/بوت
100 1 _aبوتر، توني
_eمؤلف
245 1 0 _aالرابوطيات /
264 1 _aبيروت :
_bالمؤسسة العربية للدراسات والنشر،
_c1989.
300 _a48ص
490 0 _aاوسبورن -مدخل إلى
650 1 7 _aالأنسان الآلي
650 1 7 _aالروبوت
653 _aناشئون كبار (15-18) سنة
700 1 _aجلد، وايفور
700 1 _aالطريفي، محمد إبراهيم
_eترجمة
942 _2ddc
_cBK
999 _c51594
_d51594